مكتبة جامعة عجلون الوطنية

فهرس بحث المكتبة

Normal view MARC view
  • الأهاجي والفكاهات العربية - الأدب العربي

Entry Topical Term

Number of records used in: 1

001 - CONTROL NUMBER

  • control field: 23593

003 - CONTROL NUMBER IDENTIFIER

  • control field: JO-AjAnu

005 - DATE AND TIME OF LATEST TRANSACTION

  • control field: 20230606074044.0

008 - FIXED-LENGTH DATA ELEMENTS

  • fixed length control field: 230606|| aca||aabn | a|a d

040 ## - CATALOGING SOURCE

  • Original cataloging agency: JO-AjAnu
  • Transcribing agency: JO-AjAnu

150 ## - HEADING--TOPICAL TERM

  • Topical term or geographic name entry element: الأهاجي والفكاهات العربية - الأدب العربي

670 ## - SOURCE DATA FOUND

  • Source citation: Work cat.: (JO-AjAnu)12125: فخر الدين،فخر الدين, author 23592, أخبار وطرائف عن الملوك والخلفاء والمغنين والشعراء والعشاق